Statistiche per Animali per Immagine Ravvicinata

Clicka qui per fare il quiz!

Statistiche generali

  • Questo quiz è stato fatto 4.136 volte
  • Il punteggio medio è 15 su 16

Statistiche sulle risposte

Risposta% Corretto
Zebra
100%
Giraffa
99%
Tigre
99%
Panda Gigante
98%
Pinguino Imperatore
98%
Farfalla Monarca
97%
Pavone
97%
Pesce Pagliaccio
97%
Coccinella
96%
Giaguaro
94%
Orca Balena
94%
Cobra
88%
Puzzola
86%
Tacchino
85%
Armadillo
76%
Vedova Nera
71%

Distribuzione punteggi

Percentile per numero di risposta

Percentuale di utenti per punteggio

I tuoi punteggi nel tempo

Non hai fatto questo quiz